Città più popolose Campania - Statistics

Statistiche generali
  • Questo quiz è stato fatto 197 volte
    47 dall'ultimo reset
  • Il punteggio medio è 7 su 10
Statistiche sulle risposte
Popolazione Provincia Città % Corretto
908 082 Napoli Napoli
97%
125 958 Salerno Salerno
97%
72 632 Caserta Caserta
95%
124 633 Napoli Giugliano in Campania
79%
79 294 Napoli Torre del Greco
74%
62 157 Napoli Castellammare di Stabia
66%
75 192 Napoli Pozzuoli
63%
61 449 Napoli Afragola
61%
73 491 Napoli Casoria
61%
58 535 Napoli Acerra
47%
Nessun quiz corrispondente trovato
Distribuzione punteggi
Percentuale di utenti per punteggio
Percentile per numero di risposta
I tuoi punteggi nel tempo
Non hai fatto questo quiz dall'ultimo reset